书目信息 |
| 题名: |
自由基反应
|
|
| 作者: | 穆光照 编 | |
| 分册: | ||
| 出版信息: | 北京 高等教育出版社 1985 |
|
| 页数: | 239页 | |
| 开本: | 20cm | |
| 丛书名: | ||
| 单 册: | ||
| 中图分类: | O643.12 , O621.25 | |
| 科图分类: | ||
| 主题词: | 自由基反应--高等学校--教学参考资料 , 有机化学 | |
| 电子资源: | ||
| ISBN: | ||
| 000 | 00727nam0 2200277 45 | |
| 001 | 0185010808 | |
| 005 | 20040524153256.3 | |
| 010 | @dCNY1.85 | |
| 091 | @a13010.0985 | |
| 100 | @a19900816d1985 em y0chiy0121 ea | |
| 101 | 0 | @achi |
| 102 | @aCN@b110000 | |
| 105 | @ay z 000yy | |
| 106 | @ar | |
| 200 | 10 | @a自由基反应@Azi you ji fan ying@f穆光照编 |
| 210 | @a北京@c高等教育出版社@d1985 | |
| 215 | @a239页@d20cm | |
| 300 | @a高等学校教学参考书 | |
| 606 | @a自由基反应@x高等学校@x教学参考资料 | |
| 606 | 0 | @a有机化学 |
| 690 | @aO643.12@v3 | |
| 690 | @aO621.25 | |
| 701 | 0 | @a穆光照@Amu guang zhao@4编 |
| 801 | 0 | @aCN@b深圳图书馆@c20040524 |
| 801 | 2 | @aCN@bNLC@c20040524 |
| 905 | @f4@b148184-187@dO621.25@e25 | |
| 自由基反应/穆光照编.-北京:高等教育出版社,1985 |
| 239页;20cm |
| 高等学校教学参考书 |
| ISBN :CNY1.85 |
| ● |
| 相关链接 |
|
|
|
|
正题名:自由基反应
索取号:O621.25/25
 
预约/预借
| 序号 | 登录号 | 条形码 | 馆藏地/架位号 | 状态 | 备注 |
| 1 | 0148184 | 000700012 | 密集书库/ [索取号:O621.25/25] | 在馆 | |
| 2 | 0148185 | 000700076 | 密集书库/ [索取号:O621.25/25] | 在馆 | |
| 3 | 0148186 | 000700067 | 密集书库/ [索取号:O621.25/25] | 在馆 | |
| 4 | 0148187 | 000700085 | 第三借阅区/ [索取号:O621.25/25] | 在馆 | |
| 5 | 0148188 | 202100724 | 第二样本阅览室/ [索取号:O621.25/25] | 在馆 |